Hainan Prefectural Level Divisions - Statistics

General Stats
  • This quiz has been taken 15 times
  • The average score is 12 of 19
Answer Stats
Answer % Correct
Haikou
100%
Sanya
100%
Sansha
86%
Baisha Li Autonomous County
71%
Danzhou
71%
Lingao County
71%
Qionghai
71%
Qiongzhong Li and Miao Autonomous County
71%
Wenchang
71%
Wuzhishan
71%
Lingshui Li Autonomous County
57%
Tunchang County
57%
Wanning
57%
Baoting Li and Miao Autonomous County
43%
Changjiang Li Autonomous County
43%
Chengmai County
43%
Ding'an County
43%
Dongfang
43%
Ledong Li Autonomous County
29%
No matching quizzes found
Score Distribution
Percent of People with Each Score
Percentile by Number Answered
Your Score History
You have not taken this quiz